000
00205 a2200097 4500
001
20667
100
_a
Mcloughlin, E V
245
_a
The book of knowledge
260
_a
_b
Grolier
_c
090
_c
14967
_d
14967
942
_a
NUST-CAE
_c
M
_c
5521
999
_c
255740
_d
255740